Alexis o il trattato della lotta vana /

Salvato in:
Dettagli Bibliografici
Autore principale: Yourcenar, Marguerite
Natura: Libro
Lingua:inglese
Tags: Aggiungi Tag
Nessun Tag, puoi essere il primo ad aggiungerne!!

MARC

LEADER 00000nam a2200000 4500
003 an
005 20251007110917.0
008 251007b |||||||| |||| 00| 0 eng d
040 |c ct 
100 |a Yourcenar, Marguerite 
245 |a Alexis o il trattato della lotta vana /  |c Marguerite Yourcenar. 
942 |2 ddc  |c BK  |n 0 
952 |0 0  |1 0  |2 ddc  |4 0  |6 843_914000000000000_YOU_ALE  |7 0  |9 4199  |a AN  |b AN  |d 2025-05-04  |l 0  |o 843.914 YOU ALE  |p 11376  |r 2025-05-04 15:07:26  |w 2025-05-04  |y BK 
999 |c 8067  |d 8067